00963cam a22002894a 450000100090000000300120000900500170002100800410003801000170007902000150009602000210011104000180013204200080015005000210015808200120017910000190019124500780021024600490028825000120033726000370034930000340038650400510042065000210047170000190049285600870051185600750059812411734NUST - PNEC20170116180853.0010517s2002 nyua b 001 0 eng  a 2001026612 a0072430273 a0071130225 (ISE) aDLCcDLCdDLC apcc00aTA417b.E52 200200a620 EID aEide, Arvid R.00aEngineering fundamentals & problem solving /cArvid R. Eide ... [et al.].3 aEngineering fundamentals and problem solving a4th ed. aNew York :bMcGraw-Hill,cc2002. axiv, 524 p. :bill. ;c25 cm. aIncludes bibliographical references and index. 0aEngineering.xME1 aEide, Arvid R.423Publisher descriptionuhttp://www.loc.gov/catdir/description/mh021/2001026612.html413Table of contentsuhttp://www.loc.gov/catdir/toc/mh021/2001026612.html